Регионална библиотека "Любен Каравелов" - Русе

Konzert fur Fagott solo (Запис номер 350871)

MARC детайли
000 -Лидер
Контролно поле с фиксирана дължина 01372ncm a2200397 c 4500
003 - Код на организацията, давaща контролен номер
Контролно поле BLK
005 - Дата и час на последна редакция
Контролно поле 20200402151659.0
008 - Елементи от данни с фиксирана дължина
fixed length control field 180414b bul |a|er|||| |0| c|bulo|
010 ## - Наследен системен номер
LC control number NOT00003337000
040 ## - Източник на каталожния запис
Идентификатор на билиотеката - собственик на записа BLK
041 ## - Код за език
Код за езика на текст/звукозапис или на отделно заглавие Немски
Код за езика КДБФ Немски
080 ## - УДК
Текстов определител УДК Фагот, контрафагот
УДК код - определител по УДК 788.8
УДК - код + определител 788.8
080 ## - УДК
Текстов определител УДК Камерна музика за духови инструменти
УДК код - определител по УДК 785.7:788
УДК - код + определител 785.7:788
100 ## - Редна дума - Автор
Автор Граупнер, Кристоф
Авторска отговорност първи автор
R(LIN) 403442
139 ## - Редно поле
Редна дума Граупнер, Кристоф
Авторски знак Грас - Г 78
245 10 - Сведения за заглавието
Заглавие Konzert fur Fagott solo
Редно поле (дума) Кристоф Граупнер; Hrsg. von Gunter Angerhofer.
Подзаглавни данни 2 Violinen, Viola und Cembalo oder Klavier
254 ## - Сведения за формата на нотното издание
Формат на описваните ноти Партитура+щимове
257 ## - Страна на издаване
Страна на създаване/издаване Германия
260 ## - Област на издателските данни
Име на издателя, разпространителя и проч. Friedrich Hofmeister
Година на издаване 1962
9 (RLIN) 402638
Място на издаване, разпространение и проч. Leipzig
300 ## - Физическа характеристика
Страници 23 с.
Размери/Мащаб 30 см
Съпровождащи материали 5 с. щим
380 ## - Жанр
Жанр Изкуство
650 #0 - Допълнително описание по предмет – тема
Основно описание – тема или топоним Фагот - концерти
9 (RLIN) 403245
653 #7 - Ключова дума – ненормативна
Ключова дума концерти
9 (RLIN) 189133
653 ## - Ключова дума – ненормативна
Ключова дума фагот
700 ## - Други автори (авторска отговорност)
Лично име Graupner, Christoph
Автороска отговорност (Описва отношението между автора и произведението) *
9 (RLIN) 403444
852 ## - Местоположение
Форматна сигнатура Цб М ІІ 9222
Част 0
856 4# - Електронен адрес и достъп
Електронен формат pdf - файл
Път до файла /url/
856 4# - Електронен адрес и достъп
Електронен формат pdf - файл
Път до файла /url/
999 ## - СИСТЕМНИ КОНТРОЛНИ НОМЕРА
Koha biblionumber 350871
Koha biblioitemnumber 350871
942 ## - АРТИКУЛИ
Вид на библиотечния материал Нотни издания
Скрит в OPAC Не
Периодичен библиозапис Да
944 ## - СЪЗДАВАНЕ И РЕДАКЦИЯ на ЗАПИСА
Създаване/Редакция Създаване
Дата на регистрацията/редакция 19.06.2012
Служител, извършил регистрацията/редакцията Ирена_Линкова
944 ## - СЪЗДАВАНЕ И РЕДАКЦИЯ на ЗАПИСА
Създаване/Редакция Редакция
Дата на регистрацията/редакция 17.05.2013
999 ## - СИСТЕМНИ КОНТРОЛНИ НОМЕРА
Koha biblioitemnumber 350871
999 ## - СИСТЕМНИ КОНТРОЛНИ НОМЕРА
Koha biblioitemnumber 317548
Наличности
Код за отписване Код за изгубен артикул Източник на класификационната схема Код за повреда Коз за рестрикции Код за отдаване Артикулен № Име на библиотеката - собственик Име на библиотеката, в която се намира в момента Статус (Текущо местоположение) Дата на вписване в системата Местоположение - отдел Цена в лева Инвентарен номер Систематично азбучна сигнатура Баркод Цена в евро Служебен тип на артикула
  Не е изгубен Universal Decimal Classification Не е повреден без рестрикции заемане за дома 758613 Регионална библиотека "Любен Каравелов" Русе Регионална библиотека "Любен Каравелов" Русе Отдел Изкуство - подръчен фонд 2020-04-06 Отдел Изкуство - подръчен фонд 3.93 379736 788/Г 78 К 120000379736 2.01 Нотни издания
  Не е изгубен Universal Decimal Classification Не е повреден само за читалня ползва се в читалня 922716 Регионална библиотека "Любен Каравелов" Русе Регионална библиотека "Любен Каравелов" Русе Хранилище 2023-01-31 Основен фонд - ползва се само за читалня 3.93 379737 Цб M II 9222 120000379737 2.01 Нотни издания
Vip Innovations Ltd, Rousse, Bulgaria 2025